Impresos mexicanos del siglo XVI (Record no. 177)

MARC details
000 -CABECERA
campo de control de longitud fija 00906nam a2200229 a 4500
001 - NÚMERO DE CONTROL
campo de control BRCA_216
005 - FECHA Y HORA DE LA ÚLTIMA TRANSACCIÓN
campo de control 20190320202924.0
008 - DATOS DE LONGITUD FIJA--INFORMACIÓN GENERAL
campo de control de longitud fija 980710s1995 mx-a---##b---#000-0#spa-#
020 ## - NÚMERO INTERNACIONAL ESTÁNDAR DEL LIBRO
Número Internacional Estándar del Libro 9687318325
040 ## - FUENTE DE LA CATALOGACIÓN
Centro catalogador/agencia de origen DLC
Centro/agencia transcriptor DLC
050 #4 - SIGNATURA TOPOGRÁFICA DE LA BIBLIOTECA DEL CONGRESO
Número de clasificación Z1412
Número de documento/Ítem .I49 1995
245 10 - MENCIÓN DE TÍTULO
Título Impresos mexicanos del siglo XVI
Resto del título los incunables
260 ## - PUBLICACIÓN, DISTRIBUCIÓN, ETC.
Lugar de publicación, distribución, etc. México (Ciudad)
Nombre del editor, distribuidor, etc. Centro de Estudios de Historia de México CONDUMEX : Museo Soumaya
Fecha de publicación, distribución, etc. [1995]
300 ## - DESCRIPCIÓN FÍSICA
Extensión 75 p.
Otras características físicas il.
Dimensiones 28 cm.
500 ## - NOTA GENERAL
Nota general Catálogo de la exposición realizada en el Museo Soumaya (Ciudad de México), 17 agosto-29 septiembre, 1995
504 ## - NOTA DE BIBLIOGRAFÍA, ETC.
Nota de bibliografía, etc. Bibliografía: p. 75
610 24 - PUNTO DE ACCESO ADICIONAL DE MATERIA--NOMBRE DE ENTIDAD CORPORATIVA
Nombre de entidad corporativa o nombre de jurisdicción como elemento de entrada Centro de Estudios de Historia de México Condumex (CARSO)
Unidad subordinada Archivo Histórico
Subdivisión de forma Catálogos
9 (RLIN) 752
650 14 - PUNTO DE ACCESO ADICIONAL DE MATERIA--TÉRMINO DE MATERIA
Término de materia o nombre geográfico como elemento de entrada Libros impresos tempranos
Subdivisión de forma Bibliografía
Subdivisión cronológica Siglo XVI
Subdivisión geográfica México
9 (RLIN) 753
653 0# - TÉRMINO DE INDIZACIÓN--NO CONTROLADO
Término no controlado Incunables mexicanos
653 0# - TÉRMINO DE INDIZACIÓN--NO CONTROLADO
Término no controlado Acervo - CONDUMEX - CARSO
942 ## - ELEMENTOS DE PUNTO DE ACCESO ADICIONAL (KOHA)
Fuente del sistema de clasificación o colocación Library of Congress Classification
Tipo de ítem Koha Libros
Holdings
Estado de retiro Estado de pérdida Estado dañado No para préstamo Localización permanente Ubicación/localización actual Fecha de adquisición Total de préstamos Signatura topográfica completa Código de barras Fecha visto por última vez Precio válido a partir de Tipo de ítem Koha
El ejemplar forma parte de la colección y puede ser consultado según las políticas vigentes.       Biblioteca del Museo Franz Mayer (Rogerio Casas-Alatriste) Biblioteca del Museo Franz Mayer (Rogerio Casas-Alatriste) 25/06/2008   Z1412 .I49 1995 00280 22/03/2019 22/03/2019 Libros